Kapal angkasa

Bibliographic Details
Main Author: Mohd. Hadi
Corporate Authors: Series, Title
Format: Book
Published: Kuala Lumpur : Goodmark Enterprise , 2004
Series:Siri sains fiksyen cryterion
Subjects:

MARC

LEADER 00000cam a2200000 7i4500
001 0000002373
005 20151222.0
008 070712
020 |a 9830573176(set) 
020 |a 9830573249 
090 0 0 |a JF   |b AD MAL (2627) 
100 0 |a Mohd. Hadi 
245 1 0 |a Kapal angkasa   |c Mohd. Hadi 
260 |a Kuala Lumpur :   |b Goodmark Enterprise ,   |c 2004 
440 0 |a Siri sains fiksyen cryterion 
500 |a Children ages 7-9 years old (orange) 
650 0 |a Malay fiction 
650 0 |a Sains fiction, Malay 
710 0 |a Series 
710 0 |a Title 
999 |a 0000014839   |b Book   |c Children Collection   |e Cawangan Taman Universiti 
999 |a 0000014840   |b Book   |c Children Collection   |e Cawangan Taman Universiti 
999 |a 0000014842   |b Book   |c Children Collection   |e Cawangan Taman Universiti 
999 |a 0000859695   |b Book   |c Children Collection   |e Cawangan Tmn. Ungku Tun Aminah 
999 |a 0000968752   |b Book   |c Children Collection   |e Perbadanan Perpustakaan Awam Johor 
999 |a 0000968753   |b Book   |c Children Collection   |e Perbadanan Perpustakaan Awam Johor 
999 |a 0000968754   |b Book   |c Children Collection   |e Perbadanan Perpustakaan Awam Johor 
999 |a 0000968755   |b Book   |c Children Collection   |e Perbadanan Perpustakaan Awam Johor 
999 |a 0000968756   |b Book   |c Children Collection   |e Cawangan Kota Tinggi 
999 |a 000911516   |b Book   |c Teenagers   |e Cawangan Bandar Tenggara